00301nam a2200133Ia 4500008004100000022001100041041000800052082001100060100001500071245003400086260001500120300002400135440000800159240112s2013 xx 000 0 und d a900036 aeng a614.05 aTROUTMAN A aAMERICAN JOU OF PUBLIC HEALTH bAPHAc2013 a1-189 HBc1.3.4 SUP v103